000 00345nam a2200133Ia 4500
005 20260326100023.0
008 260326s9999||||xx |||||||||||||| ||und||
100 _aFletcher, Sir Banister
245 2 _aA History of Architecture /
_cSir Banister Fletcher
260 _bCharles Scribners
300 _a1621 p.
650 _aANTIGUEDAD
942 _cBK
999 _c6289
_d6289